Statistics for The FitnessGram Pacer Test Lyrics

Click here to take the quiz!

General Stats

  • This quiz has been taken 20 times
  • The average score is 139 of 459

Answer Stats

Answer% Correct
the
91%
The
91%
A
82%
a
82%
FitnessGram
82%
Pacer
82%
pacer
82%
Test
82%
test
82%
is
73%
2
64%
3
64%
aerobic
64%
be
64%
capacity
64%
multistage
64%
that
64%
1
55%
20
55%
30
55%
4
55%
10
45%
11
45%
12
45%
13
45%
14
45%
15;
45%
15
45%
16
45%
17
45%
18
45%
19
45%
21
45%
21,
45%
22
45%
23;
45%
24
45%
25
45%
26
45%
27
45%
28
45%
29
45%
31
45%
32;
45%
33
45%
34
45%
35
45%
37
45%
38
45%
39
45%
40
45%
42
45%
45
45%
5
45%
6
45%
7;
45%
7
45%
8
45%
9
45%
as
45%
continues.
45%
difficult
45%
get
45%
gets
45%
it
45%
more
45%
progressively
45%
will
45%
100
36%
36
36%
41;
36%
43
36%
44
36%
46
36%
47
36%
48
36%
49
36%
50
36%
51;
36%
52
36%
53
36%
54
36%
55
36%
56
36%
57
36%
58
36%
59
36%
83;
36%
91
36%
92
36%
93
36%
94;
36%
95
36%
96
36%
97
36%
98
36%
99
36%
begin
36%
hear
36%
in
36%
start.
36%
this
36%
you
36%
121
27%
123
27%
124
27%
125
27%
126
27%
127
27%
128
27%
129
27%
130
27%
131;
27%
132
27%
199
27%
212
27%
222
27%
234
27%
60
27%
61;
27%
62
27%
63
27%
64
27%
65
27%
66
27%
67
27%
68
27%
69
27%
70
27%
71
27%
72;
27%
73
27%
74
27%
75
27%
76
27%
77
27%
78
27%
79
27%
80
27%
81
27%
82
27%
84
27%
85
27%
86
27%
87
27%
88
27%
89
27%
90
27%
end
27%
level
27%
line,
27%
Line
27%
meter
27%
of
27%
on
27%
On
27%
run
27%
second
27%
seconds.
27%
sound,
27%
sound.
27%
to
27%
up
27%
101
18%
102
18%
103
18%
104
18%
105
18%
106;
18%
107
18%
108
18%
109
18%
110
18%
111
18%
112
18%
113
18%
114
18%
115
18%
116
18%
117
18%
118;
18%
119
18%
120
18%
133
18%
134
18%
135
18%
136
18%
137
18%
138
18%
139
18%
140
18%
141
18%
142
18%
143
18%
144;
18%
145
18%
146
18%
147
18%
148
18%
149
18%
150
18%
151
18%
152
18%
153
18%
154
18%
155
18%
156
18%
157;
18%
158
18%
159
18%
160
18%
161
18%
162
18%
163
18%
164
18%
165
18%
166
18%
167
18%
168
18%
169
18%
170
18%
171;
18%
172
18%
173
18%
174
18%
175
18%
176
18%
177
18%
178
18%
179
18%
180
18%
181
18%
182
18%
183
18%
185;
18%
186
18%
187
18%
188
18%
189
18%
190
18%
191
18%
192
18%
193
18%
194
18%
195
18%
196
18%
197
18%
198
18%
200;
18%
201
18%
202
18%
203
18%
204
18%
205
18%
206
18%
207
18%
208
18%
209
18%
210
18%
211
18%
213
18%
214
18%
215;
18%
216
18%
217
18%
218
18%
219
18%
220
18%
221
18%
223
18%
224
18%
225
18%
226
18%
227
18%
228
18%
229
18%
230
18%
231;
18%
232
18%
233
18%
235
18%
236
18%
237
18%
238
18%
239
18%
240
18%
241
18%
242
18%
243
18%
244
18%
245
18%
246
18%
247;
18%
and
18%
at
18%
before
18%
complete
18%
completed
18%
fail
18%
lap
18%
over.
18%
single
18%
time
18%
your
18%
122
9%
184
9%
after
9%
but
9%
each
9%
faster
9%
Feel
9%
High
9%
long
9%
mark,
9%
minute
9%
possible.
9%
ready,
9%
Remember
9%
rollers
9%
running
9%
should
9%
signal.
9%
slowly,
9%
speed
9%
starts
9%
straight
9%
word
9%

Score Distribution

Percentile by Number Answered

Percent of People with Each Score

Your Score History

You have not taken this quiz